000 00723cab a2200229 4500
001 ABS42778
008 090401t1990 xxu||||| |||| 00| 0 eng d
035 _a(Sirsi) u38790
041 _aeng
100 _aPiggott, D.
245 _aMeeting the challenge of a more sophisticated client
260 _c1990
350 _a0
490 _aEstates Times
_v(1044) 27 April 1990, 15(1)
520 _aProposes that surveyors should develop a wider mix of skills and expertise to meet the complex demands of public sector bodies.
650 _aCLIENT DEMAND
650 _aMANAGEMENT
650 _aSERVICE PLANNING
690 _aMANAGEMENT-BUSINESS MANAGEMENT-PROFESSIONAL PRACTICE
942 _n0
948 _c04/03/1997
999 _c24900
_d24900